|
|
|
|
| LEADER |
00000cam a2200000 i 4500 |
| 001 |
1/94257 |
| 008 |
080919s1963 eng d |
| 035 |
|
|
|l 10100313
|
| 040 |
|
|
|a GR-MY-UA
|b gre
|e aacr
|
| 041 |
0 |
|
|a eng
|
| 082 |
0 |
|
|a 516.009
|2 (21)
|
| 100 |
1 |
|
|a Coolidge, Julian Lowell,
|d 1873-1954.
|
| 245 |
1 |
2 |
|a A history of geometrical methods /
|c Julian Lowell Coolidge
|
| 260 |
|
|
|a New York :
|b Dover,
|c 1963
|
| 300 |
|
|
|a xviii, 451 σ.;
|b εικ. , διαγρ.;
|c 25 εκ.
|
| 650 |
0 |
0 |
|a Geometry
|x History.
|
| 852 |
|
|
|a INST
|b SAMOS
|c MAG
|e 20080919
|h 516.009 COO
|p 005300029977
|q 005300029977
|t BK
|y 0
|
| 901 |
|
|
|a BIBL3-2008-3
|
| 909 |
|
|
|a Σ
|b 134782
|
| 970 |
|
|
|a ΣΙΤΖΙΜΗ
|b ΓΙΑΣΕΜΗ
|z 2008/09/19
|